000 00295nam a22001217a 4500
003 SGT
082 _a340
_bSAH
100 _aSAHARAN ANKITA
245 _aROLE OF JUDICIARY IN DEVELOPING ENVIRONMENTAL JURISPRUDENCE IN INDIA A CRITICAL STUDY
260 _c2020
300 _a106
942 _2ddc
_cTH
999 _c34035
_d34035